Fr. Conceicao Rodrigues College of Engineering

Analysis and design of Integrated electronic circuits (Record no. 23078)

MARC details
000 -LEADER
fixed length control field 00328nam a2200133Ia 4500
082 ## - DEWEY DECIMAL CLASSIFICATION NUMBER
Classification number 621.38173
Item number CHI
100 ## - MAIN ENTRY--PERSONAL NAME
Personal name Chirlian/Paul M
245 ## - TITLE STATEMENT
Title Analysis and design of Integrated electronic circuits
260 ## - PUBLICATION, DISTRIBUTION, ETC.
Name of publisher, distributor, etc. Harper and Row pub.
Place of publication, distribution, etc. New York
Date of publication, distribution, etc. 1981
300 ## - PHYSICAL DESCRIPTION
Extent 1072
546 ## - LANGUAGE NOTE
Language note ENGLISH
654 ## - SUBJECT ADDED ENTRY--FACETED TOPICAL TERMS
Focus term design
942 ## - ADDED ENTRY ELEMENTS (KOHA)
Koha item type Reference Book
Holdings
Withdrawn status Lost status Damaged status Not for loan Collection Home library Current library Shelving location Date acquired Cost, normal purchase price Total Checkouts Full call number Barcode Date last seen Cost, replacement price Price effective from Koha item type
        CRC Fr. Agnel's C.Rodrigues College of Engineering Fr. Agnel's C.Rodrigues College of Engineering   17/03/2023 608.13   621.38173 CHI 2649 17/03/2023 608.13 17/03/2023 Reference Book